000 00242nam a2200097Ia 4500
001 647492
005 20250826153703.0
008 250824s9999 xx 000 0 und d
245 0 _aHer Şeyi Satarım Ruhum Hariç 2
_cHakan Yel
260 _bALTIN
999 _c647492
_d647492